000 01105cam a22003017a 4500
003 CHAP
005 20220329133519.0
008 971013s1992 r 00010 d
010 _a7254
011 _a8226
035 _a7451
040 _cCHAP
082 _a338.083 M49c 1989 B
_bC.
110 _aInstituto Nacional de Estadística, Geografía e Informática. México
_959304
245 0 _aCenso industrial (13o.) : resultados definitivos Baja California
260 _aAguascalientes, Ags. :
_bInstituto Nacional de Estadística, Geografía e Informática,
_c1992
300 _a220 p.
_e+ anexo
590 _aBATCH-UPD
_b10
_c20130110
_lUCH01
_h1957
590 _aBATCH-UPD
_b10
_c20130410
_lUCH01
_h1318
590 _aBATCH-UPD
_b10
_c20130914
_lUCH01
_h1633
590 _aCONVERSION
_b10
_c20130109
_lUCH01
_h1305
650 1 4 _aIndustria
_xEstadísticas.
_957704
650 1 4 _aIndustria
_xEstadísticas
_zBaja California.
_957710
790 _aCensos económicos 1989
901 _aBK
942 _cLIBRO
949 _a338.083 M49c 1989 B.C.
_bBC
_cINEGI
_d33724000549432
_eINEGI
_gI. c/e
_h82979
_i7451
_si
_t20.00
999 _c7254
_d7254